00421nam a22001337a 4500008004100000050002300041100001600064245006300080260003700143300002700180500002700207650003500234700001800269161128b xxu||||| |||| 00| 0 eng d aNA6089 .K2543 1965 aSebag, Paul aThe Great Mosque of Kairouan/cPaul Sebag and Andre Martin aLondon:bCollier-Mcmillan,c1965 a125p. :bill. ;c24 cm aIncludes bibliography. aKairwan.xMosque of Sidi Okba. aMartin, Andre